Animals of Iran - Sudden Death - Statistics

General Stats
  • This quiz has been taken 33 times
    24 since last reset
  • The average score is 4 of 17
Answers on the Grid
Answers color-coded by a green-red scale on the quiz's grid according to % correct below.
Leopards
Bears
Wolves
Wildcats
Herons
Kingfishers
Anoles
Newts
Mink
Wolverines
Martins
Otters
Baboons
Macaques
Langurs
Flying Squirrels
Velvet Worms
Sawflies
Tarantulas
Black Widows
Crocodiles
Rat Snakes
Pythons
Chameleons
Deer
Ibex
Solenodons
Jackrabbits
Beavers
Gundis
Sheltopusiks
Seriemas
 
Answer Stats
Answer % Correct
Wildcats
67%
Leopards
61%
Bears
56%
Wolves
56%
Deer
44%
Herons
33%
Newts
28%
Ibex
22%
Rat Snakes
22%
Martins
17%
Crocodiles
11%
Kingfishers
11%
Otters
11%
Tarantulas
6%
Black Widows
0%
Sawflies
0%
Sheltopusiks
0%
No matching quizzes found
Score Distribution
Percent of People with Each Score
Percentile by Number Answered
Your Score History
You have not taken this quiz since the last reset